000
00271nam a2200121Ia 4500
008
191201s2019 xx 000 0 und d
100
_a
HERSENT, Olivier
245
0
_a
Internet of Things
250
_a
Rep
260
_b
Wiley
_a
New Delhi
300
_a
344
942
_2
ddc
_c
BK
999
_c
8166
_d
8166